000 00745nam a2200193Ia 4500
003 GCL
008 140319s9999 xx 000 0 ara d
020 _a2113133977
040 _aGCL /
_cGCL
082 0 4 _aق
_b962.6
_bل هـ
100 1 _aلمعى المطيعى
245 1 0 _aهؤلاء هم رجال يوليو :
_bمع اضواء على مذكرات يوسف صديق وعبدالمنعم عبدالرءوف /
_cلمعى المطيعى
260 _aالقاهرة :
_bمكتبة مدبولى ،
_c1989
300 _a188 ص ؛
_c24 سم
650 0 4 _aثورة 23 يوليو 1952
650 0 4 _aمصر - تاريخ - العصر الحديث - ثورة 23 يوليو 1952
650 0 4 _aرجال ثورة 23 يوليو
942 _2ddc
_cBK
999 _c51782
_d51782